000 01167nam a22003377a 4500
003 CHAP
005 20220817044502.0
008 110930s2010 mx a r 00010 spa d
010 _a102285
011 _a103257
020 _a9786074950588
035 _a113946
040 _cCHAP
082 0 4 _a628.53
_bD63
245 0 3 _aEl diseño ante el deterioro ambiental
_c/editdo por Gobierno del Estado de México
260 _aToluca, Méx. :
_bNuevo Pensamiento,
_c2010
300 _a765 p. :
_bilus., diagramas, gráfs., tablas
490 0 _aBiblioteca Mexiquense del Bicentenario
590 _aBATCH-UPD
_b10
_c20130110
_lUCH01
_h1624
590 _aBATCH-UPD
_b10
_c20130410
_lUCH01
_h1018
590 _aBATCH-UPD
_b10
_c20130914
_lUCH01
_h0620
590 _aCONVERSION
_b10
_c20130109
_lUCH01
_h1356
650 1 4 _aDesarrollo sustentable.
650 1 4 _aEcología urbana.
_935187
650 1 4 _aMedio ambiente
_xContaminación.
_974069
710 2 _aMéxico. Gobierno del Estado
_e, ed.
_977067
830 0 _aBiblioteca Mexiquense del Bicentenario
_912411
901 _aBK
942 _cLIBRO
949 _a628.53 D63
_bBC
_cLIBRO
_d33724002312405
_eLIBRO
_h115966
_i113946
_sb
999 _c102285
_d102285